Restoring Childhood; (Record no. 202762)

MARC details
000 -LEADER
fixed length control field 00598 a2200193 4500
005 - DATE AND TIME OF LATEST TRANSACTION
control field 20240509114832.0
010 ## - LCCN (DPL NO)
LC control number B-758873
020 ## - INTERNATIONAL STANDARD BOOK NUMBER
International Standard Book Number 812200458x
Terms of availability 300.00
035 ## - SYSTEM CONTROL NUMBER
System control number B-758873
037 ## - SOURCE OF ACQUISITION
Source of stock number/acquisition Gift/Unesco
082 ## - DEWEY DECIMAL CLASSIFICATION NUMBER
Classification number 305.23
100 ## - MAIN ENTRY--PERSONAL NAME
Personal name Sumi Krishna
245 ## - TITLE STATEMENT
Title Restoring Childhood;
Remainder of title Learning, Labour and Gender in South Asia/
Statement of responsibility, etc Sumi Krishna
260 ## - PUBLICATION, DISTRIBUTION, ETC. (IMPRINT)
Place of publication, distribution, etc Delhi
Name of publisher, distributor, etc Konark Publishers
Date of publication, distribution, etc 1996
270 ## - ADDRESS
Address Delhi
300 ## - PHYSICAL DESCRIPTION
Extent xxvi, 236 p.;
Dimensions 22cm. (Hb)
Other physical details Index
942 ## - ADDED ENTRY ELEMENTS (KOHA)
Institution code [OBSOLETE] dpl
Item type English Books
Source of classification or shelving scheme Dewey Decimal Classification
Classification part 305.23
Call number suffix SUM
Holdings
Withdrawn status Lost status Not for loan Collection code Home library Current library Date acquired Source of acquisition Cost, normal purchase price Full call number Barcode Copy number Cost, replacement price Koha item type Public note
      Non-fiction Bawana Bawana 09/05/2024 Gift/29.4.24 300.00 305.23 SUM B-758873 1 300.00 English Books Gift

© Delhi Public Library
Hit Counter
free hit counter